Statistics for US State General Knowledge #2

Click here to take the quiz!

General Stats

  • This quiz has been taken 39 times
  • The average score is 15 of 20

Answer Stats

Question State % Correct
Mount Rushmore is located in what state?South Dakota
100%
What is the first state alphabetically?Alabama
100%
What is the smallest state in size?Rhode Island
94%
What is the most populated state?California
94%
Which state is the Great Salt Lake in?Utah
92%
What state was jazz created in?Louisiana
92%
What state's capital is Lansing?Michigan
83%
What was the last state to join the Union?Hawaii
83%
What state is known as "Big Sky Country"?Montana
83%
What state is Spokane located in?Washington
81%
What state was it's own country from 1836 - 1845?Texas
81%
What state has the most tornadoes?Texas
78%
In what state was the first nuclear detonation?New Mexico
69%
What state is Michael Jackson from?Indiana
64%
Where does the Mississippi River start?Minnesota
61%
What state is Walmart from?Arkansas
50%
What is the most populated state in the Rust Belt?Illinois
47%
What state name means snow-covered?Nevada
39%
The Cheyenne Mountain Complex is in what state?Colorado
33%
Where is Harper's Ferry?West Virginia
33%

Score Distribution

Percentile by Number Answered

Percent of People with Each Score

Your Score History

You have not taken this quiz